000 00630cam a22002293a 4500
001 30740
003 PGUSA
005 20140828083650.0
008 091222s2009||||xxu|||||s|||||000 | eng d
040 _aPGUSA
_beng
042 _adc
050 4 _aBS
100 1 _aMoody, Dwight Lyman,
_d1837-1899
245 1 0 _aMen of the Bible
_h[electronic resource] /
_cDwight Lyman Moody
260 _bProject Gutenberg,
_c2009
506 _aPublic domain in the USA.
516 _aElectronic text
653 _aBible -- Biography
830 0 _aProject Gutenberg
_v30740
856 4 0 _uhttp://www.gutenberg.org/ebooks/30740
942 _cEB
999 _c259995
_d259995